| 000 | 04230nam a2200325 a 4500 | ||
|---|---|---|---|
| 001 | |||
| 003 | OSt | ||
| 005 | 20250804094707.0 | ||
| 008 | 091204s2020 dr 000 f spa d | ||
| 020 | _a9789945503807 | ||
| 040 |
_aBPMSU _bspa _cBPMSU |
||
| 082 |
_a232.961 _bB742j 2020 _222 |
||
| 100 |
_aBosch, Juan, _d1909-2001 _91 |
||
| 245 | 1 | 3 |
_aJudas Iscariote, el calumniado / _cJuan Bosch ; prólogo de Diómedes Núñez Polanco |
| 260 |
_aSanto Domingo : _bMinisterio de Cultura; _bEditora Nacional, _c2020 |
||
| 300 |
_a295 p. ; _c20 cm. |
||
| 490 | 0 |
_a Biblioteca Dominicana Básica ; _aEnsayo, _v22 |
|
| 500 | _3Incluye datos biográficos del autor en la solapa de la cubierta | ||
| 505 | 0 | _a(Mateo, 16; 22) --(Mateo, 16; 22) --(Mateo, 16; 23) --(Mateo, 17; 4) -- (Mateo, 9; 9 y 10) --(Marcos, 2; 14) -- (Lucas, 5; 27 al 29) -- (Mateo, 9; 13) --(Mateo, 4; 18 al 22) -- (Juan, 1; 41 y 42) -- (Mateo, 10; 4) -- (Marcos, 3; 19) -- (Lucas, 6; 16) --(Juan, 6; 60 al 71) -- (Juan, 12; 1 al 8) --(Mateo, 26; 6al 13) -- (Marcos, 14; 3 al 9) -- (Lucas, 7; 36 al 39) --(Apóstoles, 5; 34 al 37) --(Mateo, 26; 69 al 74) --(Apóstoles, 4; 13) -- Capítulo III (Exodo, 12; 1 al 14 y del 19 al 20) -- (Mateo, 26; 17 y 18) -- (Lucas, 13; 34) -- (Lucas, 19; 41) -- (Juan, 3; 1) -- (Marcos, 15; 43) -- (Lucas, 23; 50 y 51) -- (Lucas, 23; 4 y 5) -- (Mateo, 5; 8 y 10) --(Mateo, 5; 13 y 14) -- (Marcos, 10; 17 al 27) --(Marcos, 12; 38 al 40) --(Mateo, 23; 13 al 28) --(Juan, 11; 47 al 51) (Juan, 11; 53) --(Juan, 18; 26) -- (Juan, 18; 15) --(Juan, 18; 16 al 18) --(Juan, 18; 54 al 57) --(Marcos, 14; 6 al 8) -- Capítulo IV: Título (Mateo, 10; 16 al 23 y del 33 al 36) -(Mateo, 12; 6 al 8) --(Mateo, 12; 9 al 12) --(Marcos, 3; 6) --(Marcos, 3; 11 y 12) --(Marcos, 5; 40 al 43) --(Lucas, 8; 51) -- (Marcos, 7; 31 al 36) -- (Lucas, 9; 36) -- (Lucas, 9; 48 al 22. Hay error en la enumeración de los versículos, que del 48 retorna al 19, pero queremos respetar ese error de la traducción Nácar-Colunga) -- (Juan, 2; 24 y 25) -- (Juan, 5; 18) --(Juan, 7; 1) -- (Juan, 7; 10 al 12) -- (Juan, 7; 19 ) -- (Juan, 8; 40) --(Juan, 8; 59) --(Juan, 10; 31 al 33) -- (Mateo, 11; 4 al 6) --(Lucas, 20; 26) -- (Juan, 8; 1 al 11) --(Lucas, 20; 1 al 8) -- (Juan, 7; 25) -- (Juan, 7; 44 al 53). | |
| 505 | 0 | _aCapítulo V : (Marcos, 14; 15) -- (Juan, 13; 27 al 30) -- (Mateo, 26; 20 al 25) -- (Marcos, 14; 17 al 21) -- (Lucas, 22; 14 al 23) -- (Juan, 13; 2 y 3) --(Juan, 13; 8 al 10) --(Juan, 13; 11) -- (Mateo, 26; 57 al 66) -- (Lucas, 22; 66 al 71) -- (Juan, 13; 21 al 30) -- (Juan, 13; 2) -- Capítulo VI: (Mateo, 26; 14 al 16) -- (Marcos, 14; 10 y 11) -- (Lucas, 22; 1 al 6) -- (Mateo, 10; 29) -- (Lucas, 12; 6) -- (Marcos, 12; 41 al 44) -- (Lucas, 21; 1 al 4) --(Mateo, 5; 25 y 26) --(Mateo, 17; 24 al 27) --(Nehemías, 10; 33 al 34) -- (Lucas, 15; 8 y 9) -- (Mateo, 18; 21 al 34) --(Mateo, 25; 14 al 30) -- (Lucas, 19; 11 al 28) -- (Mateo, 18; 28 al 30) --(Mateo, 18; 32 al 34) --(Juan, 6; 5 al 7) --(Mateo, 20; 1 al 15) -- (Éxodo, 21; 28 al 36) -- Capítulo VII: (Lucas, 23; (Juan, 18; 1) -- (Lucas, 22; 36) -- (Lucas, 22; 38) --(Mateo, 26; 31 al 35) --(Lucas, 22; 31) -(Lucas, 22; 44) -- (Mateo, 26; 36 al 39) --(Mateo, 14; 32 al 36) --(Lucas, 22; 40 al 42) --(Mateo, 26; 40 y 41) -- (Mateo, 14; 37 y 38) --(Mateo, 26; 42 al 46) --(Marcos, 14; 39 al 42) -- Capítulo VIII: (Lucas, 22; 47) --(Juan, 18; 3) --(Mateo, 26; 56) -- (Marcos, 14; 50 y 51) --(Juan, 18; 8) -- (Mateo, 26; 47 al 56) --(Mateo, 26; 46) -(Marcos, 14; 48 y 49) --(Marcos, 14; 44) --(Lucas, 22; 47 al 53) --(Juan, 18; 1 al 11) --Capítulo XI: (Juan, 18; 15 y 16) --(Marcos, 14; 44) --(Juan, 18; 19 al 24) --(Mateo, 27; 3 al 8) --(Mateo, 27; 32) -- (Mateo, 27; 57 y 58) --(Apóstoles, 1; 3) ) --(Apóstoles, 1; 15 al 19) --(Apóstoles, 1; 24 y 25) --(Mateo, 24; 28). | |
| 590 | _aInventariado, 2020/VM | ||
| 600 | 1 | 4 |
_aJudas Iscariote, _d ca. 28 d. C _xCrítica e interpretación . _c |
| 650 | 4 | _aInterpretación de la biblia | |
| 650 | 4 | _aCristianismo y literatura | |
| 650 | 4 | _aReligión en la literatura | |
| 700 | 1 |
_aNúñez Polanco, Diómedes _epról. |
|
| 710 | 2 | _aMinisterio de Cultura (República Dominicana) | |
| 910 | _aVMateo | ||
| 942 |
_2ddc _cBK |
||
| 999 |
_c13513 _d13513 |
||